La chica del tren / (Registro nro. 3741)

Detalles MARC
000 -LEADER
fixed length control field 00913nam a2200241Ia 4500
003 - CONTROL NUMBER IDENTIFIER
control field OSt
005 - DATE AND TIME OF LATEST TRANSACTION
control field 20250415141634.0
008 - FIXED-LENGTH DATA ELEMENTS--GENERAL INFORMATION
fixed length control field 191128t2015 ck er 000 f spa d
020 ## - INTERNATIONAL STANDARD BOOK NUMBER
International Standard Book Number 9789584244772
040 ## - CATALOGING SOURCE
Original cataloging agency CO-JMCR
Transcribing agency CO-JMCR
041 ## - LANGUAGE CODE
Language code of text/sound track or separate title spa
082 04 - DEWEY DECIMAL CLASSIFICATION NUMBER
Classification number A-N
Item number HAWc
100 1# - MAIN ENTRY--PERSONAL NAME
Personal name Hawkins, Paula,
Dates associated with a name 1989
Relator term autora
9 (RLIN) 7159
245 13 - TITLE STATEMENT
Title La chica del tren /
Statement of responsibility, etc. Paula Hawkins; traducción Aleix Montoto
250 ## - EDITION STATEMENT
Edition statement Primera edición
260 ## - PUBLICATION, DISTRIBUTION, ETC.
Place of publication, distribution, etc. Bogotá :
Name of publisher, distributor, etc. Planeta Colombiana,
Date of publication, distribution, etc. ©2015
300 ## - PHYSICAL DESCRIPTION
Extent 493 páginas ;
Dimensions 21 cm.
500 ## - GENERAL NOTE
General note Recomendado para mayores de 15 años.
520 ## - SUMMARY, ETC.
Summary, etc. ¿Estabas en el tren de las 8:04? ¿Viste algo sospechoso? Rachel, sí. Rachel toma siempre el tren de las 8.04 h. Cada mañana lo mismo: el mismo paisaje, las mismas casas y la misma parada en la señal roja.
650 14 - SUBJECT ADDED ENTRY--TOPICAL TERM
Topical term or geographic name entry element Novela británica
9 (RLIN) 7160
700 ## - ADDED ENTRY--PERSONAL NAME
Personal name Montoto, Aleix,
Relator term traductor
9 (RLIN) 6698
942 ## - ADDED ENTRY ELEMENTS (KOHA)
Source of classification or shelving scheme Dewey Decimal Classification
Koha item type Books
Existencias
Withdrawn status Lost status Source of classification or shelving scheme Damaged status Not for loan Collection code Home library Current library Date acquired Source of acquisition Total Checkouts Total Renewals Full call number Barcode Date last seen Date last checked out Copy number Koha item type
    Dewey Decimal Classification     Fiction Biblioteca Pública José María del Castillo y Rada Biblioteca Pública José María del Castillo y Rada 11/28/2019 Caja viajera 14 9 A-N HAWc 201811749 09/25/2025 09/02/2025 Ej.1 Books